Decreta capituli generalis Romae celebrati anno 1685. Pro felici totius ordinis FF. eremitarum S.P. Augustini...

Detalles Bibliográficos
Formato: Libro
Publicado: Roma
Materias:
Colección:Banco de datos
Acervo:Biblioteca del Convento de San Pablo. Yuririahupándaro. Guanajuato
Tema general:Religiosos
Notas:Buena. 2N3, 13.
LEADER 00669nam a22001810004500
035 |a 37981 
036 |a 3622 
245 1 0 |a Decreta capituli generalis Romae celebrati anno 1685. Pro felici totius ordinis FF. eremitarum S.P. Augustini... 
260 |a Roma  |b Reverenda Cámara Apostólica imp. 
500 |a Buena. 2N3, 13. 
650 1 0 |a Religiosos 
949 |a CRG-CY 
959 |a Ex convento de San Pablo, Museo Regional de Yuririahpúndaro, Guanajuato  |b CCC9 
960 |a Convento San Pablo Yuririahpúndaro, Guanajuato  |b DD86 
961 |a Agustina  |b OA 
942 |c CRG-CY 
943 |g Biblioteca del Convento de San Pablo. Yuririahupándaro. Guanajuato 
999 |c 958647  |d 958647